Stacje kolejowe PKP w Warszawie. - Statystyki

Ogólne statystyki
  • Ten quiz został rozwiązany 265 razy
  • Średni wynik to 4 z 5
Statystyki odpowiedzi
Hint Odpowiedź % Poprawnych
2 Warszawa Centralna
95%
4 Warszawa Wschodnia
91%
1 Warszawa Zachodnia
89%
3 Warszawa Gdańska
62%
5 Warszawa Wileńska
18%
Nie znaleziono quizów pasujących do podanych kryteriów
Rozkład punktacji
Procent ludzi z każdym wynikiem
Percentyl według liczby udzielonych odpowiedzi
Twoja historia wyników
Nie rozwiązałeś tego quizu